აჭარული საუნჯე : (ბიბ.ჩანაწერი № 47238)
[ მარტივი ფორმატი ]
| 000 -ლიდერი | |
|---|---|
| ფიქსირებული სიგრძის საკონტროლო ველი | 03184nam a2200337Ia 4500 |
| 001 - საკონტროლო ნომერი | |
| საკონტროლო ველი | 14098 |
| 003 - საკონტროლო ნომრის იდენტიფიკატორი | |
| საკონტროლო ველი | GE_BSU |
| 005 - ბოლო ოპერაციის თარიღი და დრო | |
| საკონტროლო ველი | 20241105164519.0 |
| 008 - ფიქსირებული სიგრძის მონაცემთა ელემენტები - ზოგადი ინფორმაცია | |
| ფიქსირებული სიგრძის საკონტროლო ველი | 181216s2014||||ge |||||||||||||| ||geo|| |
| 020 ## - წიგნის საერთაშორისო სტანდარტული ნომერი | |
| International Standard Book Number | 9789941434815 |
| 040 ## - კატალოგიზაციის წყარო | |
| Transcribing agency | GE_BSU |
| 041 ## - ენის კოდი | |
| Language code of text/sound track or separate title | geo |
| 080 ## - უნივერსალური ათობითი კლასიფიკაციის ინდექსი | |
| Universal Decimal Classification number | 821.353.1-91+398.22(=353.1) ა-97 |
| 245 ## - ცნობა სათაურის შესახებ | |
| Title | აჭარული საუნჯე : |
| Remainder of title | [კრებული]. ტომი 1 / |
| Statement of responsibility, etc | ბათუმის შოთა რუსთაველის სახელმწიფო უნივერსიტეტი, ნიკო ბერძენიშვილის ინსტიტუტის ფოლკლორის, დიალექტოლოგიისა და ემიგრანტული ლიტერატურის კვლევის განყოფილება ; ტექსტზე მუშაობდნენ : ნარგიზ ახვლედიანი, გიორგი მახარაშვილი, ციალა ნარაკიძე [და სხვ.] ; მთავარი რედაქტორი ალიოშა ბაკურიძე. |
| 250 ## - გამოცემის ცნობა | |
| Edition statement | მე-2 გამოცემა |
| 264 ## - წარმოების, გამოცემის, დისტრიბუციის და სხვა ცნობები | |
| გამოცემის, წარმოების, დისტრიბუციის... ადგილი | ბათუმი : |
| გამოცემის, წარმოების, დისტრიბუციის... სახელწოდება | ბათუმის შოთა რუსთაველის სახ.უნ-ტი, |
| გამოცემის, წარმოების, დისტრიბუციის... თარიღი | 2014. |
| 300 ## - ფიზიკური აღწერა | |
| Extent | 672 გვ. ; |
| Other physical details | 29 სმ. |
| 500 ## - ზოგადი შენიშვნა | |
| General note | გამოიცა ავთანდილ ბარათაშვილის ფინანსური მხარდაჭერით |
| 501 ## - შენიშვნა თანმხლებ მასალაზე | |
| With note | ლექსიკონი : გვ. 625-648. პირთა საძიებელი : გვ. 649-654 გეოგრაფიულ სახელთა საძიებელი : გვ. 655-656 |
| 653 ## - INDEX TERM--UNCONTROLLED | |
| Uncontrolled term | აჭარული ზეპირსიტყვიერება |
| 653 ## - INDEX TERM--UNCONTROLLED | |
| Uncontrolled term | აჭარული საუნჯე |
| 700 ## - ADDED ENTRY--PERSONAL NAME | |
| Personal name | ბაკურიძე, ალიოშა |
| Relator term | მთავარი რედაქტორი |
| 9 (RLIN) | 18090 |
| 700 ## - ADDED ENTRY--PERSONAL NAME | |
| Personal name | ახვლედიანი, ნარგიზ |
| Relator term | ტექსტზე მუშაობა. |
| 9 (RLIN) | 4833 |
| 700 ## - ADDED ENTRY--PERSONAL NAME | |
| Personal name | ნარაკიძე, ციალა |
| Relator term | ტექსტზე მუშაობა |
| 9 (RLIN) | 18091 |
| 700 ## - ADDED ENTRY--PERSONAL NAME | |
| Personal name | მახარაშვილი, გიორგი |
| Relator term | ტექსტზე მუშაობა |
| 9 (RLIN) | 5319 |
| 700 ## - ADDED ENTRY--PERSONAL NAME | |
| Personal name | ნოღაიდელი, ნანული |
| Relator term | ტექსტზე მუშაობა |
| 9 (RLIN) | 5107 |
| 700 ## - ADDED ENTRY--PERSONAL NAME | |
| Personal name | ფუტკარაძე, ელზა |
| Relator term | ტექსტზე მუშაობა |
| 9 (RLIN) | 6825 |
| 700 ## - ADDED ENTRY--PERSONAL NAME | |
| Personal name | ფუტკარაძე, შუშანა |
| Relator term | ტექსტზე მუშაობა |
| 9 (RLIN) | 1978 |
| 710 ## - ADDED ENTRY--CORPORATE NAME | |
| Corporate name or jurisdiction name as entry element | ბათუმის შოთა რუსთაველის სახელმწიფო უნივერსიტეტი |
| Subordinate unit | ნიკო ბერძენიშვილის ინსტიტუტი. ფოლკლორის, დიალექტოლოგიისა და ემიგრანტული ლიტერატურის კვლევის განყოფილება |
| 9 (RLIN) | 18092 |
| 942 ## - ADDED ENTRY ELEMENTS (KOHA) | |
| Koha item type | წიგნი |
| Source of classification or shelving scheme | |
| ჩამოწერის სტატუსი | დაკარგული ეგზემპლარის სტატუსი | კლასიფიკაციის წყარო ან თაროზე გაწყობის სქემა | დაზიანების სტატუსი | არ გაიცემა | მუდმივი მდებარეობა (დაცვის ადგილი) | ამჟამინდელი ადგილსამყოფელი | თაროზე განთავსების ადგილი | შეძენის თარიღი | ღირებულება, შესყიდვის ნორმალური ფასი | სრული შენახვის შიფრი | შტრიხკოდი | ბოლო ოპერაციის თარიღი | ეგზემპლარის მიმდევრობითი ნომერი (კეტერი?) | ფასის ძალაში შესვლის თარიღი | ეგზემპლარის სახეობა | საჯარო შენიშვნა |
|---|---|---|---|---|---|---|---|---|---|---|---|---|---|---|---|---|
| ბათუმის შოთა რუსთაველის სახელმწიფო უნივერსიტეტის მთავარი ბიბლიოთეკა | ბათუმის შოთა რუსთაველის სახელმწიფო უნივერსიტეტის მთავარი ბიბლიოთეკა | წიგნსაცავი | 2018-12-17 | 14.72 | 821.353.1-91+398.22(=353.1) ა-97 | 27379 | 2018-12-17 | 27379 | 2018-12-17 | წიგნი | 14.72 ₾. | |||||
| ბათუმის შოთა რუსთაველის სახელმწიფო უნივერსიტეტის მთავარი ბიბლიოთეკა | ბათუმის შოთა რუსთაველის სახელმწიფო უნივერსიტეტის მთავარი ბიბლიოთეკა | წიგნსაცავი | 2018-12-17 | 14.72 | 821.353.1-91+398.22(=353.1) ა-97 | 27380 | 2018-12-17 | 27380 | 2018-12-17 | წიგნი | 14.72 ₾. | |||||
| ბათუმის შოთა რუსთაველის სახელმწიფო უნივერსიტეტის მთავარი ბიბლიოთეკა | ბათუმის შოთა რუსთაველის სახელმწიფო უნივერსიტეტის მთავარი ბიბლიოთეკა | წიგნსაცავი | 2018-12-17 | 14.72 | 821.353.1-91+398.22(=353.1) ა-97 | 27381 | 2018-12-17 | 27381 | 2018-12-17 | წიგნი | 14.72 ₾. | |||||
| ბათუმის შოთა რუსთაველის სახელმწიფო უნივერსიტეტის მთავარი ბიბლიოთეკა | ბათუმის შოთა რუსთაველის სახელმწიფო უნივერსიტეტის მთავარი ბიბლიოთეკა | წიგნსაცავი | 2018-12-17 | 14.72 | 821.353.1-91+398.22(=353.1) ა-97 | 27382 | 2018-12-17 | 27382 | 2018-12-17 | წიგნი | 14.72 ₾. | |||||
| ბათუმის შოთა რუსთაველის სახელმწიფო უნივერსიტეტის მთავარი ბიბლიოთეკა | ბათუმის შოთა რუსთაველის სახელმწიფო უნივერსიტეტის მთავარი ბიბლიოთეკა | წიგნსაცავი | 2018-12-17 | 14.72 | 821.353.1-91+398.22(=353.1) ა-97 | 27383 | 2018-12-17 | 27383 | 2018-12-17 | წიგნი | 14.72 ₾. |
